000 00526nam a2200181 a 4500
005 20140311163002.0
008 020823s19uu xx 00 eng d
050 _aHF 5691
_b.F175 2000
100 _aFajardo, Max B.
245 _aSimplified mathematics of investments /
_cMax B. Fajardo.
260 _aQuezonm City :
_b5138 Merchandising,
_c2000.
300 _a373 p. :
_c25 cm.
521 _aBSBA
650 _aMathematics
_xproblems, exercises, etc.
650 _aInvestments
942 _cBK
_2lcc
_kLOC
999 _c39225
_d39225